[Event "RUS-chT Men Rapid 2019"]
[Site "Sochi"]
[Date "2019.10.18"]
[Round "2.15"]
[White "Potapov, Pavel"]
[Black "Tsoi, Dmitry"]
[Result "1-0"]
[WhiteElo "2489"]
[BlackElo "2329"]
[Annotator "TA"]
[PlyCount "139"]
[EventDate "2019.10.18"]
[EventType "swiss"]
[EventCountry "RUS"]
[SourceTitle "playchess.com"]
[Source "ChessBase"]
[SourceQuality "1"]

{[%evp 19,139,56,43,27,29,20,23,-24,-31,-24,-11,-19,-16,-22,-12,-25,0,0,0,0,7,-58,-50,-72,-83,-84,-27,-24,-24,-63,-33,-50,-47,-35,-49,-63,-49,-57,-51,-72,-64,-60,-53,-53,-56,-57,-37,-42,-40,-45,0,0,0,0,0,0,0,0,0,0,15,0,0,0,16,3,51,51,52,53,69,43,50,22,27,0,0,0,54,64,68,64,64,7,65,0,4,-35,25,22,128,135,135,142,131,109,129,112,124,107,336,65,50,80,277,200,198,52,480,450,727,701,29985,29986,29987,29988,29998,29977,29997,29998,29998,29999]} 1. Nf3 d6 2. e4 Nf6 3. Nc3 e5 4. d4 Nbd7 5. Bc4 Be7 6. O-O O-O 7. Re1 c6 8. a4 b6 9. h3 a6 10. Ba2 Rb8 11. Bg5 {C41: Philidor Defence} (11. Be3 b5 12. axb5 axb5 13. b4 Bb7 14. Bb3 exd4 15. Nxd4 d5 16. exd5 Bxb4 17. Bd2 cxd5 18. Ncxb5 Bxd2 19. Qxd2 {½-½ (30) Kryvoruchko,Y (2705)-Laznicka,V (2671) Brest 2018}) 11... b5 12. axb5 axb5 13. Bxf6 {White has an edge.} Bxf6 14. Ne2 Qe7 $146 ({Predecessor:} 14... Qc7 15. Qd2 Bb7 16. Ng3 g6 17. c3 Nb6 18. b3 Ra8 {1-0 (41) Khachatourian,Y (1955)-Berry,N (2227) Caleta 2014}) 15. Ng3 g6 16. c3 h5 17. Qd2 {aiming for Qh6.} Kg7 18. Bb3 Rb7 19. Rad1 Rh8 20. dxe5 (20. Nf1 $11) 20... dxe5 $15 21. Qd6 Nc5 22. Bc2 Rc7 ({Black should play} 22... Qxd6 $17 23. Rxd6 Be7 24. Rxc6 Bd7 25. Nxe5 Bxc6 26. Nxc6 Rc8 27. Nxe7 Rxe7) 23. Qxe7 $11 Rxe7 24. b4 Nb7 (24... Na4 {is interesting.} 25. Bb3 c5 26. Ne2 Ra7 27. Bd5 Rc7) 25. Bb3 Rd8 26. Rxd8 Nxd8 27. Rd1 Ra7 28. Nf1 $1 Ra3 29. N1d2 Ne6 30. Ne1 Nf4 31. Nc2 Ra7 32. Kf1 Kf8 33. Nf3 Ke7 34. Ra1 Rc7 35. Ne3 Rd7 36. Bc2 Bg7 37. h4 f6 38. g3 Ne6 39. Ke2 Bh6 40. Bb3 Rc7 41. Ne1 Nd8 42. Nd3 Ke8 43. Ra8 Bf8 44. f4 Bb7 45. Ra7 exf4 46. Nxf4 Rg7 47. g4 Bd6 48. Kf3 Bb8 (48... hxg4+ $11 49. Nxg4 f5 50. Nf6+ Ke7 51. Ng8+ Kf8) 49. Ra1 hxg4+ 50. Nxg4 Ke7 51. Rg1 ({Better is} 51. Nh6 $1 $14 c5 52. bxc5) 51... Bc8 (51... Bxf4 $11 52. Kxf4 Rh7) 52. Ne3 (52. Nh6 $1 $14 Bxf4 53. Kxf4) 52... Nf7 53. Nd3 Kf8 (53... Rh7 $15) 54. Ra1 {Black must now prevent Ra8.} Nd6 (54... Ne5+ $11 55. Nxe5 fxe5) 55. Ra8 $16 Rb7 56. Nc5 $36 {[%mdl 2048] White is on the roll.} Rb6 57. Be6 Bxe6 58. Nxe6+ Ke7 59. Nc5 Ne8 $2 {[#]} (59... Nf7 $16) 60. Ng4 $2 (60. h5 $1 $18 {[%mdl 512]} gxh5 61. Nf5+ Kd8 62. Ra2) 60... Nc7 $14 61. Ra1 {Strongly threatening Rd1.} Ne8 $2 {[#]} (61... Ne6 $16) 62. h5 $1 {[%mdl 512]} gxh5 {[#]} 63. Ne3 (63. Nh6 $1 $18) 63... Be5 $2 {[%mdl 8192] [#]} ({Black should try} 63... Nd6 $14) 64. Nf5+ $1 $18 Kd8 (64... Kf7 $142 65. Ra7+ Nc7) 65. Rd1+ Kc8 66. Ne7+ {White mates.} Kb8 67. Rd8+ {[%mdl 64] Double Attack} Kc7 68. Rxe8 Bxc3 69. Rc8+ Kd6 70. Nf5+ {Accuracy: White = 55%, Black = 38%.} 1-0

[Event "RUS-chT Men Rapid 2019"]
[Site "Sochi"]
[Date "2019.10.18"]
[Round "2.16"]
[White "Frolov, Aleksey G."]
[Black "Belyakov, Bogdan"]
[Result "0-1"]
[WhiteElo "2093"]
[BlackElo "2495"]
[Annotator "ChessBase"]
[PlyCount "96"]
[EventDate "2019.10.18"]
[EventType "swiss"]
[EventCountry "RUS"]
[SourceTitle "playchess.com"]
[Source "ChessBase"]
[SourceQuality "1"]
[TimeControl "900+10"]

1. e4 {[%emt 0:00:00]} Nc6 {[%emt 0:00:00]} 2. Nf3 {[%emt 0:00:00]} e5 {[%emt 0:00:00]} 3. Bb5 {[%emt 0:00:00]} Nf6 {[%emt 0:00:00]} 4. O-O {[%emt 0:00:06]} Nxe4 {[%emt 0:00:00]} 5. d4 {[%emt 0:00:02]} Nd6 {[%emt 0:00:03]} 6. dxe5 {[%emt 0:00:02]} Nxb5 {[%emt 0:00:13]} 7. a4 {[%emt 0:00:02]} d6 {[%emt 0:00:12]} 8. axb5 {[%emt 0:00:35]} Nxe5 {[%emt 0:00:05]} 9. Re1 {[%emt 0:00:13]} Be7 {[%emt 0:00:08]} 10. Nxe5 {[%emt 0:00:00]} dxe5 {[%emt 0:00:03]} 11. Qxd8+ Kxd8 {[%emt 0:00:02]} 12. Nc3 {[%emt 0:00:30]} f6 {[%emt 0:01:12]} 13. Be3 {[%emt 0:00:45]} b6 {[%emt 0:05:38]} 14. Red1+ {[%emt 0:00:20]} Ke8 {[%emt 0:00:08]} 15. Nd5 {[%emt 0:00:11]} Bd8 {[%emt 0:00:04]} 16. Nb4 {[%emt 0:00:42]} Bb7 {[%emt 0:00:28]} 17. Nc6 {[%emt 0:01:27]} Be7 {[%emt 0:02:45]} 18. Nxa7 {[%emt 0:01:23]} Kf7 {[%emt 0:00:15]} 19. f3 {[%emt 0:00:54]} Ke6 {[%emt 0:00:12]} 20. Ra4 {[%emt 0:01:38]} Rhd8 {[%emt 0:00:12]} 21. Rxd8 {[%emt 0:01:28]} Rxd8 {[%emt 0:00:07]} 22. Rc4 {[%emt 0:00:12]} Rd1+ {[%emt 0:01:29]} 23. Kf2 {[%emt 0:00:02]} Bd6 {[%emt 0:00:19]} 24. Nc6 {[%emt 0:00:11]} Ba8 {[%emt 0:02:38]} 25. Nb4 {[%emt 0:01:42]} Bd5 {[%emt 0:01:35]} 26. Rh4 {[%emt 0:01:05]} g5 {[%emt 0:00:02]} 27. Nxd5 {[%emt 0:00:54]} gxh4 {[%emt 0:00:02]} 28. Nc3 {[%emt 0:00:06]} Ra1 {[%emt 0:00:04]} 29. Ke2 {[%emt 0:00:14]} f5 {[%emt 0:00:05]} 30. Bf2 {[%emt 0:00:06]} Be7 {[%emt 0:00:21]} 31. h3 {[%emt 0:00:10]} Ra5 {[%emt 0:00:10]} 32. Kd3 {[%emt 0:00:18]} Bb4 {[%emt 0:00:08]} 33. Ne2 {[%emt 0:01:05]} Rxb5 {[%emt 0:00:13]} 34. c4 {[%emt 0:00:01]} Ra5 {[%emt 0:00:04]} 35. Bxh4 {[%emt 0:00:01]} Ra1 {[%emt 0:00:07]} 36. Kc2 {[%emt 0:00:34]} Rh1 {[%emt 0:00:08]} 37. Bd8 {[%emt 0:00:29]} Bd6 {[%emt 0:00:09]} 38. f4 {[%emt 0:01:34]} Rh2 {[%emt 0:00:13]} 39. Kd3 {[%emt 0:01:27]} Rxg2 {[%emt 0:00:04]} 40. b4 {[%emt 0:00:01]} exf4 {[%emt 0:00:29]} 41. Nd4+ {[%emt 0:00:45]} Kd7 {[%emt 0:00:03]} 42. Bh4 {[%emt 0:00:05]} Rh2 {[%emt 0:00:10]} 43. Nxf5 {[%emt 0:00:01]} Rxh3+ {[%emt 0:00:16]} 44. Ke4 {[%emt 0:00:01]} Bxb4 {[%emt 0:00:15]} 45. Bf6 {[%emt 0:00:30]} Bd6 {[%emt 0:00:10]} 46. Bd4 {[%emt 0:00:14]} Rh1 {[%emt 0:00:03]} 47. c5 {[%emt 0:00:29]} bxc5 {[%emt 0:00:04]} 48. Bc3 {[%emt 0:00:04]} Kc6 {[%emt 0:00:08]} 0-1

[Event "RUS-chT Men Rapid 2019"]
[Site "Sochi"]
[Date "2019.10.18"]
[Round "2.17"]
[White "Nesterov, Arseniy"]
[Black "Timofeev, Artyom"]
[Result "0-1"]
[WhiteElo "2484"]
[BlackElo "2595"]
[Annotator "ChessBase"]
[PlyCount "68"]
[EventDate "2019.10.18"]
[EventType "swiss"]
[EventCountry "RUS"]
[SourceTitle "playchess.com"]
[Source "ChessBase"]
[SourceQuality "1"]
[TimeControl "900+10"]

1. Nf3 {[%emt 0:00:00]} d6 {[%emt 0:00:00]} 2. d4 {[%emt 0:00:00]} Nf6 {[%emt 0:00:00]} 3. c4 {[%emt 0:00:00]} c5 {[%emt 0:00:11]} 4. d5 {[%emt 0:00:15]} e5 {[%emt 0:00:02]} 5. Nc3 {[%emt 0:00:07]} Bg4 {[%emt 0:00:04]} 6. h3 {[%emt 0:00:08]} Bxf3 7. exf3 {[%emt 0:00:03]} g6 {[%emt 0:00:06]} 8. Bd3 {[%emt 0:00:10]} Bg7 {[%emt 0:00:06]} 9. O-O {[%emt 0:00:05]} O-O {[%emt 0:00:03]} 10. f4 {[%emt 0:00:04]} Bh6 {[%emt 0:00:14]} 11. fxe5 {[%emt 0:00:46]} Bxc1 12. Qxc1 {[%emt 0:00:17]} dxe5 {[%emt 0:00:05]} 13. Qe3 {[%emt 0:00:11]} Nbd7 {[%emt 0:00:02]} 14. Bc2 {[%emt 0:00:05]} Rc8 {[%emt 0:00:26]} 15. f4 {[%emt 0:02:27]} exf4 {[%emt 0:00:04]} 16. Qxf4 {[%emt 0:00:02]} Nh5 {[%emt 0:00:06]} 17. Qf2 {[%emt 0:00:46]} Ne5 {[%emt 0:00:08]} 18. g4 {[%emt 0:03:04]} Ng7 {[%emt 0:00:04]} 19. Qf4 {[%emt 0:01:20]} f6 {[%emt 0:00:32]} 20. Ne4 {[%emt 0:00:37]} Ne8 {[%emt 0:00:20]} 21. Ba4 {[%emt 0:00:54]} Nd7 {[%emt 0:00:03]} 22. Rae1 {[%emt 0:00:57]} a6 {[%emt 0:00:36]} 23. Bxd7 {[%emt 0:03:01]} Qxd7 {[%emt 0:00:03]} 24. Nc3 {[%emt 0:00:43]} f5 {[%emt 0:01:26]} 25. Re5 {[%emt 0:00:59]} Nd6 {[%emt 0:00:10]} 26. Re6 {[%emt 0:00:15]} Rcd8 {[%emt 0:00:22]} 27. g5 {[%emt 0:00:18]} b5 {[%emt 0:00:47]} 28. Rfe1 {[%emt 0:00:33]} Rf7 {[%emt 0:00:33]} 29. cxb5 {[%emt 0:00:55]} axb5 {[%emt 0:00:10]} 30. b4 {[%emt 0:00:09]} cxb4 {[%emt 0:00:37]} 31. Qxb4 {[%emt 0:00:02]} Qc7 {[%emt 0:00:02]} 32. Kf1 {[%emt 0:00:44]} Ne4 {[%emt 0:00:20]} 33. Nxb5 {[%emt 0:00:14]} Qf4+ {[%emt 0:00:05]} 34. Ke2 {[%emt 0:00:07]} Ng3+ {[%emt 0:00:08]} 0-1

[Event "RUS-chT Men Rapid 2019"]
[Site "Sochi"]
[Date "2019.10.18"]
[Round "2.18"]
[White "Iljin, Artem"]
[Black "Shubin, Kirill"]
[Result "1-0"]
[WhiteElo "2509"]
[BlackElo "2416"]
[Annotator "TA"]
[PlyCount "107"]
[EventDate "2019.10.18"]
[EventType "swiss"]
[EventCountry "RUS"]
[SourceTitle "playchess.com"]
[Source "ChessBase"]
[SourceQuality "1"]

{[%evp 21,107,0,16,-5,22,17,29,2,50,60,42,37,52,58,76,-9,0,-37,-40,-116,-110,-167,-112,-117,-123,-197,-190,-208,-200,-252,-154,-141,-68,-73,-41,-69,269,271,289,302,311,304,329,323,334,292,350,300,311,306,331,340,332,281,298,291,293,301,278,293,290,81,89,107,177,25,21,6,12,0,0,0,0,-370,-78,-373,42,42,312,12,267,0,53,-25,583,409,29996,29997]} 1. Nf3 Nf6 2. c4 b6 3. g3 Bb7 4. Bg2 e6 5. O-O Be7 6. b3 O-O 7. Bb2 d5 8. e3 dxc4 9. bxc4 c5 10. Qe2 Nc6 11. Nc3 Rc8 12. Ne1 {A14: English Opening: 1...e6 with b3 by White} (12. Rad1 Qc7 13. Ne1 Ne8 14. f4 Nd6 15. Nf3 a6 16. a4 f5 17. d3 Bf6 18. h3 Nb4 19. g4 g6 {1-0 (31) Artemiev,V (2709)-Nakamura,H (2749) Caleta 2019}) 12... Qc7 13. f4 Rfd8 14. g4 {White has an edge.} Rd7 $146 ({Predecessor:} 14... Ne8 15. g5 Nd6 16. Nf3 Nf5 17. Rad1 a6 18. d3 Bd6 19. Ne4 Nce7 20. Nxd6 Qxd6 {1-0 (47) Farkas,T (2300)-Kumar,N (2086) Budapest 2019}) 15. g5 Ne8 16. Rd1 Rcd8 17. d3 a6 18. h4 (18. Ne4 $16) 18... Nd6 19. Nf3 Nf5 20. Ne4 ({White should try} 20. Rfe1 $15) 20... b5 $17 21. Kf2 (21. cxb5 $17 axb5 22. Rd2) 21... Qa5 (21... bxc4 $19 22. dxc4 Ncd4 23. exd4 cxd4) 22. Bc3 Qa4 23. cxb5 (23. Rd2 $17) 23... axb5 $19 {[%cal Ba6b5,Bb5b4][%mdl 32] White must now prevent ...b4.} 24. Rd2 b4 25. Ba1 Ba6 26. Rfd1 {[#]} Qb5 (26... c4 $1 $17 {[%cal Rc4c3][%mdl 512]} 27. dxc4 Rxd2 28. Rxd2 Rxd2 29. Qxd2 Na5) 27. Bf1 $15 Qb7 (27... Qb6 $5 {[%cal Rc5c4]} 28. Ng3 Nxg3 29. Kxg3 Bd6 $15) 28. h5 Nd6 $2 {[%mdl 8192]} (28... b3 $1 $15 {keeps the upper hand.} 29. g6 f6 30. axb3 Nb4) 29. Nxc5 $18 {[%mdl 64] Double Attack} Qa7 30. Nxd7 Rxd7 31. Qe1 Nf5 32. d4 Nd6 33. Rc2 Ne4+ 34. Kg2 Bb7 35. Rdc1 Qb6 36. Kh2 Rd8 37. Bg2 b3 38. Rb2 Na5 39. axb3 {[%cal Ba2b3,Bb3b4][%mdl 32]} Ba3 40. b4 Nc6 41. Rb3 $2 (41. h6 $18) 41... Bxc1 $16 42. Qxc1 Rc8 (42... Ne7 $16) 43. Qb1 $2 (43. Qb2 $1 $18 Ne7 44. d5) 43... Ne7 $11 44. d5 Bxd5 45. Qb2 {[%csl Ga1][%cal Rb2g7]} f6 $1 46. Rd3 Nf5 47. h6 $2 {[%mdl 8192]} (47. Nd4 $11 Nfd6 48. gxf6) 47... Qb5 $2 (47... Nxe3 $19 48. Nd4 Qd6 $1 {[%mdl 512]}) 48. Ra3 $2 {[%mdl 8192]} (48. Ne1 $17) 48... Nfd6 $2 ({Better is} 48... Qe8 $1 $19 {...Qh5+ is the strong threat.} 49. hxg7 (49. gxf6 $2 Qh5+ 50. Kg1 gxf6 $19) 49... Qh5+ 50. Kg1 fxg5) 49. Ra7 $36 {[%mdl 2048] White has some pressure.} Bb7 $2 {[%mdl 8192]} (49... Nf7 $14) 50. hxg7 $2 ({White should play} 50. Qa2 $18 Qd5 51. Qxd5 exd5 52. hxg7 Kxg7 53. gxf6+ Kg8 54. b5 $1 {[%mdl 512]}) 50... fxg5 $2 {[%mdl 8192] [#]} (50... Qe8 $1 $11) 51. Qe5 $2 (51. Rxb7 $1 $18 Nxb7 52. Ne5) 51... Bd5 (51... Qe8 $11 52. Nxg5 Qh5+ 53. Nh3 Qg6) 52. Nd4 ({Stronger than} 52. Nxg5 Nxg5 53. Qxg5 Bxg2 $17) (52. Ra5 $1 $14 Qd3 53. Rxd5 (53. fxg5 Nc4 $14) (53. Nxg5 Qxe3 54. Nxe4 Nxe4 $11) 53... Qxd5 54. Nxg5 Qxe5 55. Bxe5 Nxg5 56. Bxd6) 52... Qb6 $2 {[%mdl 8192]} (52... Qe8 $11 53. Bf3 gxf4) 53. Re7 Nc4 {[#]} (53... Qd8 $18 54. Bxe4 (54. Nxe6 Qxe7 55. Qxd5 Qf7 $16) 54... Nxe4 55. Rxe6 (55. Nxe6 Rc2+ 56. Kg1 Rc1+ 57. Kh2 Qc8 $19) 55... Ba8) 54. Nf5 $1 {Accuracy: White = 35%, Black = 23%.} ({Not} 54. Rxe6 Nxe5 55. Rxb6 Ng4+ {[%mdl 64] Double Attack} 56. Kh3 Ngf2+ 57. Kh2 Ng4+ {[%mdl 64] Double Attack} 58. Kh3 Ngf2+ 59. Kh2 Ng4+ $11 {[%mdl 64] Double Attack}) 1-0

[Event "RUS-chT Men Rapid 2019"]
[Site "Sochi"]
[Date "2019.10.18"]
[Round "2.19"]
[White "Dudin, Gleb"]
[Black "Faizrakhmanov, Ramil"]
[Result "1-0"]
[WhiteElo "2314"]
[BlackElo "2434"]
[Annotator "NA"]
[PlyCount "67"]
[EventDate "2019.10.18"]
[EventType "swiss"]
[EventCountry "RUS"]
[SourceTitle "playchess.com"]
[Source "ChessBase"]
[SourceQuality "1"]
[TimeControl "900+10"]

1. d4 {[%emt 0:00:00]} Nf6 {[%emt 0:00:00]} 2. c4 {[%emt 0:00:00]} e6 {[%emt 0:00:00]} 3. Nc3 {[%emt 0:00:00]} Bb4 {[%emt 0:00:00]} 4. e3 {[%emt 0:00:02]} O-O {[%emt 0:00:06]} 5. Nge2 {[%emt 0:00:06]} c6 {[%emt 0:00:13]} 6. a3 {[%emt 0:00:03]} Ba5 {[%emt 0:00:03]} 7. c5 {[%emt 0:00:04]} d5 {[%emt 0:00:20]} 8. cxd6 {[%emt 0:00:11]} Qxd6 {[%emt 0:00:08]} 9. b4 {[%emt 0:00:05]} Bc7 {[%emt 0:00:15]} 10. g3 {[%emt 0:00:04]} e5 {[%emt 0:00:20]} 11. Bg2 {[%emt 0:00:04]} Nbd7 {[%emt 0:01:40]} 12. O-O {[%emt 0:01:29]} Nb6 {[%emt 0:00:08]} 13. Qc2 {[%emt 0:00:36]} Bg4 {[%emt 0:01:18]} 14. h3 {[%emt 0:02:15]} Be6 {[%emt 0:03:18]} 15. dxe5 {[%emt 0:05:06]} Qxe5 {[%emt 0:00:10]} 16. f4 {[%emt 0:00:01]} Qd6 {[%emt 0:04:56]} 17. e4 {[%emt 0:00:20]} Qe7 {[%emt 0:00:19]} 18. Be3 {[%emt 0:00:55]} Nfd7 {[%emt 0:01:06]} 19. Bf2 {[%emt 0:00:19]} f6 {[%emt 0:00:12]} 20. Rfe1 {[%emt 0:00:44]} Rad8 {[%emt 0:00:34]} 21. Nd4 {[%emt 0:00:25]} Rfe8 {[%emt 0:00:48]} 22. Nd5 {[%emt 0:02:02]} cxd5 {[%emt 0:01:19]} 23. exd5 {[%emt 0:00:08]} Rc8 {[%emt 0:00:03]} 24. Rxe6 {[%emt 0:01:08]} Qf7 {[%emt 0:00:17]} 25. Rae1 {[%emt 0:00:33]} Bb8 {[%emt 0:00:36]} 26. Qe2 {[%emt 0:01:24]} Kf8 {[%emt 0:00:36]} 27. Nf5 {[%emt 0:00:44]} g6 {[%emt 0:00:19]} 28. Nh6 {[%emt 0:00:02]} Rxe6 {[%emt 0:00:18]} 29. dxe6 {[%emt 0:00:03]} Qe7 {[%emt 0:00:10]} 30. exd7 {[%emt 0:00:05]} Qxd7 {[%emt 0:00:02]} 31. Ng4 {[%emt 0:00:39]} Kf7 {[%emt 0:00:09]} 32. Bc5 {[%emt 0:00:22]} Bd6 {[%emt 0:00:08]} 33. Bxb6 {[%emt 0:00:16]} axb6 {[%emt 0:00:02]} 34. Bd5+ {[%emt 0:00:01]} 1-0

[Event "RUS-chT Men Rapid 2019"]
[Site "Sochi"]
[Date "2019.10.18"]
[Round "2.20"]
[White "Samusenko, Maksim"]
[Black "Yeritsyan, Aram"]
[Result "1-0"]
[WhiteElo "2445"]
[BlackElo "2271"]
[Annotator "NA"]
[PlyCount "69"]
[EventDate "2019.10.18"]
[EventType "swiss"]
[EventCountry "RUS"]
[SourceTitle "playchess.com"]
[Source "ChessBase"]
[SourceQuality "1"]
[TimeControl "900+10"]

1. d4 {[%emt 0:00:00]} Nf6 {[%emt 0:00:00]} 2. Bf4 {[%emt 0:00:00]} e6 {[%emt 0:00:00]} 3. e3 {[%emt 0:00:00]} c5 {[%emt 0:00:00]} 4. c3 {[%emt 0:00:00]} cxd4 5. exd4 {[%emt 0:00:03]} b6 {[%emt 0:00:01]} 6. Nf3 {[%emt 0:00:11]} Be7 {[%emt 0:00:02]} 7. h3 {[%emt 0:00:01]} O-O {[%emt 0:00:03]} 8. Nbd2 {[%emt 0:00:04]} d6 {[%emt 0:00:02]} 9. Bd3 {[%emt 0:00:29]} Ba6 {[%emt 0:00:03]} 10. Bxa6 Nxa6 {[%emt 0:00:01]} 11. Qe2 {[%emt 0:01:03]} Nc7 {[%emt 0:00:06]} 12. O-O {[%emt 0:00:21]} b5 {[%emt 0:00:06]} 13. Rfe1 {[%emt 0:04:38]} Nfd5 {[%emt 0:00:04]} 14. Bg3 {[%emt 0:00:10]} Nb6 {[%emt 0:00:23]} 15. b3 {[%emt 0:02:14]} Re8 {[%emt 0:00:01]} 16. c4 {[%emt 0:00:09]} bxc4 {[%emt 0:00:25]} 17. bxc4 {[%emt 0:00:07]} Qd7 {[%emt 0:00:02]} 18. Rac1 {[%emt 0:00:39]} Rac8 {[%emt 0:00:37]} 19. c5 {[%emt 0:00:57]} Nbd5 {[%emt 0:00:15]} 20. Ne4 {[%emt 0:00:06]} dxc5 {[%emt 0:02:08]} 21. dxc5 {[%emt 0:00:04]} Red8 {[%emt 0:02:04]} 22. Nd6 {[%emt 0:03:16]} Bxd6 {[%emt 0:00:16]} 23. cxd6 {[%emt 0:00:01]} Nb5 {[%emt 0:02:09]} 24. Rxc8 {[%emt 0:01:41]} Rxc8 {[%emt 0:00:02]} 25. Ne5 {[%emt 0:00:01]} Qb7 {[%emt 0:00:14]} 26. d7 {[%emt 0:00:02]} Rd8 {[%emt 0:00:58]} 27. Nxf7 {[%emt 0:00:30]} Rxd7 {[%emt 0:00:07]} 28. Ng5 {[%emt 0:00:11]} Re7 {[%emt 0:00:49]} 29. Be5 {[%emt 0:00:13]} h6 {[%emt 0:03:26]} 30. Ne4 {[%emt 0:00:02]} Qb6 {[%emt 0:00:32]} 31. Rc1 {[%emt 0:00:16]} Nd4 {[%emt 0:01:52]} 32. Rc8+ {[%emt 0:01:17]} Kh7 {[%emt 0:00:01]} 33. Qg4 {[%emt 0:00:15]} Nf5 {[%emt 0:00:15]} 34. Kh2 {[%emt 0:00:13]} Qb5 {[%emt 0:01:30]} 35. Qh5 {[%emt 0:00:15]} 1-0

[Event "RUS-chT Men Rapid 2019"]
[Site "Sochi"]
[Date "2019.10.18"]
[Round "2.21"]
[White "Ponkratov, Pavel"]
[Black "Shcherbin, Matvei"]
[Result "1-0"]
[WhiteElo "2621"]
[BlackElo "2366"]
[Annotator "TA"]
[PlyCount "67"]
[EventDate "2019.10.18"]
[EventType "swiss"]
[EventCountry "RUS"]
[SourceTitle "playchess.com"]
[Source "ChessBase"]
[SourceQuality "1"]

{[%evp 12,67,9,16,47,50,59,55,71,60,84,87,104,99,99,78,97,36,32,34,43,30,41,39,81,66,128,128,128,133,114,128,128,141,149,146,268,242,396,402,615,522,783,788,835,817,1418,752,1043,1031,1235,1259,1804,1756,1641,1428,1375,1195]} 1. d4 Nf6 2. c4 g6 3. Nc3 d5 4. Bg5 Ne4 5. Bh4 Nxc3 6. bxc3 dxc4 7. e3 c5 {D80: Grünfeld: Unusual White 4th moves and 4 Bg5} (7... Be6 8. Nf3 Bg7 9. Qb1 b6 10. Ng5 Bd5 11. e4 h6 12. Nh3 Bb7 13. Bxc4 c5 14. Nf4 Qd7 15. e5 e6 16. O-O cxd4 17. Bf6 Bxf6 18. exf6 {0-1 (44) Wei,Y (2736)-Vachier Lagrave,M (2780) Abidjan 2019}) 8. Bxc4 {And now Qb3 would win.} Bg7 9. Nf3 cxd4 {White is slightly better.} 10. cxd4 Qa5+ 11. Nd2 Nc6 12. O-O O-O 13. Rb1 Qc7 $146 ({Predecessor:} 13... e6 14. Ne4 a6 15. Qe2 {0-1 (31) Ociepka,A (2124)-Williams,S (2263) England 2015}) 14. Qc2 ({White should play} 14. Rc1 $16) 14... Bf5 $14 15. Bd3 Bxd3 16. Qxd3 Rac8 17. Rfc1 Rfd8 18. Qb5 Qd7 ({Better is} 18... h6 $14) 19. Qxb7 $16 Rc7 20. Qa6 Rdc8 21. Rd1 Nd8 22. h3 Rc2 23. Ne4 R8c6 (23... Bf8 $16 {was necessary.} 24. Nc5 Qc6) 24. Qa5 {[#] Threatens to win with Nc5.} h6 $2 (24... R6c4 {was called for.} 25. Nc5 Qc8 26. Qxa7 Nc6) 25. Nc5 $18 Qd6 (25... Qd5 $142 26. Rb8 Rd6) 26. Qxa7 {White is clearly winning.} g5 27. Bg3 e5 28. dxe5 {[%mdl 64] [#] Pin} Qf8 29. Nd7 Qe7 30. Qa8 Rc8 31. Rb8 Rxb8 32. Qxb8 Kh7 33. Nf6+ Bxf6 34. exf6 {Accuracy: White = 63%, Black = 32%.} 1-0

[Event "RUS-chT Men Rapid 2019"]
[Site "Sochi"]
[Date "2019.10.18"]
[Round "2.22"]
[White "Eraschenkov, Denis"]
[Black "Lysyj, Igor"]
[Result "1/2-1/2"]
[WhiteElo "2382"]
[BlackElo "2596"]
[Annotator "ChessBase"]
[PlyCount "61"]
[EventDate "2019.10.18"]
[EventType "swiss"]
[EventCountry "RUS"]
[SourceTitle "playchess.com"]
[Source "ChessBase"]
[SourceQuality "1"]
[TimeControl "900+10"]

1. c4 {[%emt 0:00:00]} e6 {[%emt 0:00:00]} 2. Nf3 {[%emt 0:00:05]} Nf6 {[%emt 0:00:00]} 3. g3 {[%emt 0:00:21]} d5 {[%emt 0:00:00]} 4. Bg2 {[%emt 0:00:03]} Be7 {[%emt 0:00:02]} 5. O-O {[%emt 0:00:04]} O-O {[%emt 0:00:02]} 6. b3 {[%emt 0:00:06]} b6 {[%emt 0:00:02]} 7. Bb2 {[%emt 0:00:18]} Bb7 {[%emt 0:00:02]} 8. e3 {[%emt 0:00:06]} c5 {[%emt 0:00:02]} 9. Nc3 {[%emt 0:00:21]} Qc8 {[%emt 0:00:02]} 10. Rc1 {[%emt 0:04:32]} Rd8 {[%emt 0:00:11]} 11. cxd5 {[%emt 0:01:55]} Nxd5 {[%emt 0:00:07]} 12. Nxd5 {[%emt 0:00:25]} Bxd5 {[%emt 0:00:05]} 13. d4 {[%emt 0:00:27]} Be4 {[%emt 0:01:46]} 14. Ne5 {[%emt 0:02:24]} Bxg2 {[%emt 0:00:09]} 15. Kxg2 {[%emt 0:00:02]} Nc6 {[%emt 0:01:22]} 16. Nxc6 {[%emt 0:01:35]} Qxc6+ {[%emt 0:00:02]} 17. Qf3 {[%emt 0:00:05]} Qxf3+ {[%emt 0:01:04]} 18. Kxf3 {[%emt 0:00:02]} Bf6 {[%emt 0:00:01]} 19. Rc4 {[%emt 0:00:29]} Rd7 {[%emt 0:01:29]} 20. Rfc1 {[%emt 0:00:58]} Rad8 {[%emt 0:01:16]} 21. R1c2 {[%emt 0:00:09]} cxd4 {[%emt 0:00:42]} 22. Bxd4 {[%emt 0:00:09]} Bxd4 {[%emt 0:00:03]} 23. Rxd4 {[%emt 0:00:09]} Kf8 {[%emt 0:00:47]} 24. Ke4 {[%emt 0:01:04]} Ke7 {[%emt 0:02:47]} 25. Rcd2 {[%emt 0:00:45]} Rxd4+ {[%emt 0:00:41]} 26. Rxd4 {[%emt 0:00:03]} Rc8 {[%emt 0:00:03]} 27. Kd3 {[%emt 0:00:12]} h5 {[%emt 0:01:11]} 28. Rc4 {[%emt 0:00:13]} Rd8+ {[%emt 0:00:00]} 29. Rd4 {[%emt 0:00:02]} Rc8 {[%emt 0:00:09]} 30. Rc4 {[%emt 0:00:08]} Rd8+ {[%emt 0:00:10]} 31. Ke4 1/2-1/2